Normal view MARC view

Entry Topical Term

Number of records used in: 1

001 - CONTROL NUMBER

  • control field: 59030

003 - CONTROL NUMBER IDENTIFIER

  • control field: OSt

005 - DATE AND TIME OF LATEST TRANSACTION

  • control field: 20260218120833.0

008 - FIXED-LENGTH DATA ELEMENTS

  • fixed length control field: 260218|| aca||aabn | a|a d

040 ## - CATALOGING SOURCE

  • Original cataloging agency: OSt
  • Transcribing agency: OSt

150 ## - HEADING--TOPICAL TERM

  • Topical term or geographic name entry element: Political Philosophy, Gandhi, Caste, Modernity, Indian Politics, Fascism, Representation, Social Reform, Moral Crisis, Democracy, Identity, Modern Indian Thought

670 ## - SOURCE DATA FOUND

  • Source citation: Work cat.: (OSt)527863: Bilgrami, Akeel 59029, Understanding Gandhi on caste and modernity

Powered by Koha